Oceľové vlny : román /
Uložené v:
| Hlavný autor: | |
|---|---|
| Médium: | Kniha |
| Jazyk: | Slovak |
| Vydané: |
Martin :
Neografia,
1943.
|
| Vydanie: | 6. vyd. |
| Edícia: | Nová kniha
sv. 1 |
| ISBN: |
(brož.) |
| Fyzický popis: |
183 s. |
| Tagy: |
Pridať tag
Žiadne tagy, Buďte prvý kto otaguje tento záznam!
|
Titul je dostupný aj v ... 

MARC
| LEADER | 00000nam a22000002a 4500 | ||
|---|---|---|---|
| 001 | 000543739 | ||
| 005 | 20170604133619.0 | ||
| 008 | 020128s1943 xo e slo d | ||
| 020 | |a (brož.) |c Kčs 3,00 | ||
| 040 | |a SVKKK |b slo |c SVKKK |e AACR2 | ||
| 041 | 0 | |a slo | |
| 044 | |a xo |c SK | ||
| 100 | 1 | |a Gráf, Štefan, |d 1905-1989 |4 aut | |
| 245 | 1 | 0 | |a Oceľové vlny : |b román / |c Štefan Gráf. |
| 250 | |a 6. vyd. | ||
| 260 | |a Martin : |b Neografia, |c 1943. | ||
| 300 | |a 183 s. | ||
| 490 | 1 | |a Nová kniha |v sv. 1 | |
| 500 | |a Obálku navrhol Emil Makovický | ||
| 830 | 0 | |a Nová kniha |v sv. 1 | |
| 910 | |a svkkk | ||
| 998 | |a BK | ||
| 090 | |g SCKHL |k Sklad Pribinova prízemie |a I.4671 |j 86059 |i 2720321788 |s Prezenčne | ||